New Orleans Pelicans: All-Star Selections - Statistics

General Stats
  • This quiz has been taken 295 times
    263 since last reset
  • The average score is 6 of 9
Answer Stats
Amount of Selections Player % Correct
6 Anthony Davis
99%
1 Baron Davis
98%
4 Chris Paul
92%
2 Zion Williamson
84%
1 Brandon Ingram
82%
1 DeMarcus Cousins
57%
2 David West
51%
1 Jamal Mashburn
33%
1 Jamaal Magloire
14%
No matching quizzes found
Score Distribution
Percent of People with Each Score
Percentile by Number Answered
Your Score History
You have not taken this quiz since the last reset